How to compute your salary income: assessment year, 2000 -2001 (Record no. 489181)

000 -LEADER
fixed length control field 00453cam a22001457a 4500
008 - FIXED-LENGTH DATA ELEMENTS--GENERAL INFORMATION
fixed length control field 180718b1999 xxu||||| |||| 00| 0 eng d
082 ## - DEWEY DECIMAL CLASSIFICATION NUMBER
Classification number L2x54 J78
100 ## - MAIN ENTRY--PERSONAL NAME
Personal name Joshi, S.K.
245 ## - TITLE STATEMENT
Title How to compute your salary income: assessment year, 2000 -2001
Statement of responsibility, etc. by S.K. Joshi
260 ## - PUBLICATION, DISTRIBUTION, ETC.
Place of publication, distribution, etc. Delhi
Name of publisher, distributor, etc. Directorate of Income Tax
Date of publication, distribution, etc. 1999
300 ## - PHYSICAL DESCRIPTION
Extent 154p.
650 ## - SUBJECT ADDED ENTRY--TOPICAL TERM
Topical term or geographic name entry element Income tax - India
650 ## - SUBJECT ADDED ENTRY--TOPICAL TERM
Topical term or geographic name entry element Officials and employees - Salaries
650 ## - SUBJECT ADDED ENTRY--TOPICAL TERM
Topical term or geographic name entry element Taxation - India
Holdings
Withdrawn status Lost status Damaged status Not for loan Permanent Location Current Location Date acquired Full call number Barcode Date last seen Price effective from Koha item type
        Indian Institute of Public Administration Indian Institute of Public Administration 2018-08-04 L2x54 J78 GR15085 2018-08-04 2018-08-04 GR

Powered by Koha